|
|
|
|
| LEADER |
00805cam a2200169 7i4500 |
| 001 |
0000135745 |
| 005 |
20080617090000.0 |
| 002 |
0000000809 |
| 090 |
0 |
0 |
|a LP 22 FST 1 2000
|
| 100 |
0 |
# |
|a See Eyean Peng
|
| 235 |
0 |
0 |
|a Kesan hormon asid giberalik (GA3) dan paclobutrazol (PP333) ke atas tumbesaran dan pengumpulan vitamin C dalam tanaman roselle (Hibiscus sabdariffa L.)
|c See Eyean Peng.
|
| 245 |
0 |
0 |
|a Laporan Projek FST (Ijazah Bacelor Sains (Kepujian) Biologi)2000.
|
| 260 |
# |
# |
|a Terengganu:
|b Universiti Putra Malaysia Terengganu,
|c 2000.
|
| 300 |
|
|
|a xiii, 77 p.:
|b ill.;
|c 30 cm..
|
| 502 |
# |
# |
|a Satu kajian telah dijalankan untuk mengkaji kesan Asid Giberelik (GA3) dan Pacloburazol (PP333) ke atas pertumbuhan...[et al.]
|
| 602 |
# |
# |
|a Laporan Projek FST 2000
|
| 999 |
|
|
|a 1100024431
|b Book
|c LAPORAN PROJEK
|e BILIK ARKIB
|